Tortugas del Valle del Cauca (Registro nro. 5652)

Detalles MARC
000 -CABECERA
Campo de control 00908nam a2200265 a 4500
005 - FECHA Y HORA DE LA ULTIMA TRANSACCION
Campo de control 20200104041601.0
008 - ELEMENTOS DE LONGITUD FIJA—INFORMACION GENERAL
Campo de control 131118b2007 ck ||||| |||| 00| 0 spa d
020 ## - ISBN
ISBN 9789589645062
040 ## - FUENTE DE CATALOGACIÓN
Agencia catalogadora original CO-BoIAVH
Agencia transcriptora CO-BoIAVH
041 0# - IDIOMA
Código de idioma para texto/pista de sonido o título separado Español
044 ## - PAÍS DE PUBLICACIÓN
País de publicación Colombia
082 04 - NUMERO DE CLASIFICACION DECIMAL DEWEY
Número de clasificación 597.92
Número del ítem C82t
100 1# - ASIENTO PRINCIPAL--NOMBRE PERSONAL
Nombre personal Corredor , Germán
9 (RLIN) 2701
245 10 - MENCION DE TITULO
Título Tortugas del Valle del Cauca
260 ## - PUBLICACION, DISTRIBUCION, ETC. (PIE DE IMPRENTA)
Lugar de publicación, distribución, etc. Santiago de cali :
Nombre del editor, distribuidor, etc. Corporación Autónoma Regional del Valle del Cauca,
Fecha de publicación, distribución, etc. 2007.
300 ## - DESCRIPCION FISICA
Extensión 74 páginas :
Otros detalles físicos Fotografías ;
Dimensiones 23 x 17 cm
650 17 - ASIENTO SECUNDARIO DE MATERIA - TERMINO TEMATICO
Término temático o nombre geográfico como elemento de entrada Torugas
Subdivisión geográfica Valle del Cauca
-- Colombia
9 (RLIN) 56483
650 27 - ASIENTO SECUNDARIO DE MATERIA - TERMINO TEMATICO
Término temático o nombre geográfico como elemento de entrada Tortugas
Subdivisión general clasificación
9 (RLIN) 56484
650 27 - ASIENTO SECUNDARIO DE MATERIA - TERMINO TEMATICO
Término temático o nombre geográfico como elemento de entrada Conservación de la vida silvestre
9 (RLIN) 158
700 1# - ASIENTO SECUNDARIO - NOMBRE PERSONAL
Nombre personal Kattan, Gustavo
9 (RLIN) 2704
700 1# - ASIENTO SECUNDARIO - NOMBRE PERSONAL
Nombre personal Galvis Rizo, Carlos Andrés
9 (RLIN) 1465
700 1# - ASIENTO SECUNDARIO - NOMBRE PERSONAL
Nombre personal Amorocho, Diego
9 (RLIN) 2705
710 2# - ASIENTO SECUNDARIO - NOMBRE CORPORATIVO
9 (RLIN) 47093
Nombre corporativo o de jurisdicción como elemento de entrada Corporación Autónoma Regional del Valle del Cauca - CVC
942 ## - ELEMENTOS ADICIONALES (KOHA)
Tipo de ítem Libro
Sistema de clasificación Dewey Decimal Classification
Existencias
Withdrawn status Lost status Sistema de Clasificación Damaged status No para préstamo Colección Inventariado Ubicación Permanente Ubicación actual Fecha de adquisición Fuente de Valor Valor Total Checkouts Número topográfico Inventario / Código de Barras Date last seen Ejemplar Price effective from Forma de adquisición Tipo de material Total Renewals Date checked out
    Dewey Decimal Classification     General Inventariado 2017 Bogotá Bogotá 18/11/2013 Instituto 39000.00 5 LB-597.92 C82t 059501 07/02/2019 Ej. 3 18/11/2013   Libro 1 24/01/2019
    Dewey Decimal Classification     General Inventariado 2017 Bogotá Bogotá 31/08/2017 Instituto 39000.00   LB-597.92 C82t 025339 31/08/2017 Ej. 3 31/08/2017 Donación Libro    
    Dewey Decimal Classification     General Inventariado 2017 Sala Fabio Quevedo Sala Fabio Quevedo 05/07/2007 Instituto 39000.00   LB-597.92 C82t 024680 04/12/2012 Ej.1 04/12/2012   Libro